Legal Decisions Affecting Banks (Record no. 343593)
[ view plain ]
| 000 -LEADER | |
|---|---|
| fixed length control field | 00615 a2200205 4500 |
| 003 - CONTROL NUMBER IDENTIFIER | |
| control field | OSt |
| 005 - DATE AND TIME OF LATEST TRANSACTION | |
| control field | 20180116182648.0 |
| 008 - FIXED-LENGTH DATA ELEMENTS--GENERAL INFORMATION | |
| fixed length control field | 160526b xxu||||| |||| 00| 0 eng d |
| 020 ## - INTERNATIONAL STANDARD BOOK NUMBER | |
| International Standard Book Number | 0 |
| 040 ## - CATALOGING SOURCE | |
| Transcribing agency | 0 |
| 082 ## - DEWEY DECIMAL CLASSIFICATION NUMBER | |
| Classification number | 347.42 IBP 1996 |
| 100 ## - MAIN ENTRY--PERSONAL NAME | |
| Personal name | Thi Institute of Bankers in Pakistan |
| 245 ## - TITLE STATEMENT | |
| Title | Legal Decisions Affecting Banks |
| Statement of responsibility, etc. | Thi Institute of Bankers in Pakistan |
| 260 ## - PUBLICATION, DISTRIBUTION, ETC. | |
| Place of publication, distribution, etc. | Karachi |
| Name of publisher, distributor, etc. | Z.R. Printing Press |
| Date of publication, distribution, etc. | 1996 |
| 300 ## - PHYSICAL DESCRIPTION | |
| Extent | 119 p. |
| Other physical details | PB |
| 500 ## - GENERAL NOTE | |
| General note | Paper Cover |
| 600 ## - SUBJECT ADDED ENTRY--PERSONAL NAME | |
| Personal name | Thi Institute of Bankers in Pakistan |
| 700 ## - ADDED ENTRY--PERSONAL NAME | |
| Personal name | Thi Institute of Bankers in Pakistan |
| 942 ## - ADDED ENTRY ELEMENTS (KOHA) | |
| Institution code [OBSOLETE] | NBS |
| Koha item type | Book |
| Call number prefix | 347.42 IBP |
| Source of classification or shelving scheme | |
| Withdrawn status | Lost status | Damaged status | Not for loan | Permanent Location | Current Location | Date acquired | Total Checkouts | Full call number | Barcode | Date last seen | Date last checked out | Price effective from | Koha item type |
|---|---|---|---|---|---|---|---|---|---|---|---|---|---|
| NUST Law School (NLS) | NUST Law School (NLS) | 08/28/2013 | 1 | 347.42 IBP | NBSD-360 | 11/23/2017 | 08/18/2017 | 08/28/2013 | Book |
